350 bài tập sơ cấp có hướng dẫn văn phạm tiếng Pháp kèm lời giải = Exercons-nous grammaire: Cours de civilisation francaise de la Sorbonne ( 350 exercices niveau débutant )

Đã lưu trong:
书目详细资料
主要作者: J. Bady
格式: 图书
语言:Undetermined
出版: Tp. HCM Thanh Niên 2002
主题:
标签: 添加标签
没有标签, 成为第一个标记此记录!
Thư viện lưu trữ: Trung tâm Học liệu Trường Đại học Cần Thơ
LEADER 00747nam a2200193Ia 4500
001 CTU_54344
008 210402s9999 xx 000 0 und d
020 |b 34000 
082 |a 445.076 
082 |b B138 
100 |a J. Bady 
245 0 |a 350 bài tập sơ cấp có hướng dẫn văn phạm tiếng Pháp kèm lời giải = Exercons-nous grammaire: Cours de civilisation francaise de la Sorbonne ( 350 exercices niveau débutant ) 
245 0 |c J. Bady, I. Greaves et A. Petetin; Nguyễn Dũng biên dịch 
260 |a Tp. HCM 
260 |b Thanh Niên 
260 |c 2002 
650 |a french language 
650 |x grammar,problems, exercises, etc. 
980 |a Trung tâm Học liệu Trường Đại học Cần Thơ